Click-an-English Quiz Stats

 Plays Quiz Updated Mar 14, 2020

Support Sporcle.
Go Orange.
Score 0/15 Timer 02:30
1 Play Today
% Correct
English Horn
92.9%
English Channel
92%
Full English Breakfast
91.6%
Oxford English Dictionary
91.5%
English Muffin
91.2%
Test of English as a Foreign Language
83.4%
English Lit 101
83.1%
The English Patient
80.1%
% Correct
Johnny English
78.2%
Alex English
74.8%
The Queen's English
70.1%
The English Assassin
64.7%
Broken English
59%
Bad English
53.1%
Modern English
44%

From the Vault

Celebrities at Disneyland

by LTH

Disneyland is the happiest place on earth until late-afternoon. Then you start to see a lot of crying kids and stressed-out parents.
Remove Ads.
Support Sporcle.
Get the best of Sporcle when you Go Orange. This ad-free experience offers more features, more stats, and more fun while also helping to support Sporcle. Thank you for becoming a member.

Show Comments

Extras

Top Quizzes Today


Score Distribution

Your Account Isn't Verified!

In order to create a playlist on Sporcle, you need to verify the email address you used during registration. Go to your Sporcle Settings to finish the process.

Report this User

Report this user for behavior that violates our Community Guidelines.

Details: